MARC

Tag First Indicator Second Indicator Subfields
LEADER 00000cam a2200000 i 4500
001 in00005653421
006 m o d
007 cr |||||||||||
008 160315t20162016enk ob 001 0 eng
005 20250729213200.0
010 |a  2020718631 
035 |a (OCoLC)ocn945740266 
040 |a DLC  |b eng  |e pn  |e rda  |c DLC  |d QCL  |d OTZ  |d OCLCF  |d CUS  |d STBDS  |d AU@  |d LEAUB  |d UKKNU  |d LUN  |d NLE  |d N$T  |d UKMGB  |d YDX  |d FWR  |d VHC  |d YDXCP  |d SFB  |d OCLCQ  |d OCLCO  |d OCLCL  |d DEGRU 
015 |a GBB6D9072  |2 bnb 
016 7 |a 018040691  |2 Uk 
019 |a 967261444  |a 1167391635  |a 1295908032  |a 1295911247  |a 1303484594  |a 1317426843  |a 1328168279  |a 1385481030  |a 1397492629  |a 1417780320 
020 |a 9781526100580  |q open access 
020 |a 1526100584 
020 |z 1784993409  |q hbk 
020 |z 9781784993405  |q hbk 
020 |a 9781526103956  |q (electronic bk.) 
020 |a 1526103958  |q (electronic bk.) 
020 |a 9781526100504  |q (electronic bk.) 
020 |a 1526100509  |q (electronic bk.) 
024 7 |a 10.9760/MUPOA/9781526100580  |2 doi 
035 |a (OCoLC)945740266  |z (OCoLC)967261444  |z (OCoLC)1167391635  |z (OCoLC)1295908032  |z (OCoLC)1295911247  |z (OCoLC)1303484594  |z (OCoLC)1317426843  |z (OCoLC)1328168279  |z (OCoLC)1385481030  |z (OCoLC)1397492629  |z (OCoLC)1417780320 
037 |a ManchesterUniversityPress7774  |b Ingram Content Group 
043 |a n-us-ny  |a n-us--- 
050 0 0 |a HG5129.N5 
084 |a QK 100  |2 rvk  |0 (DE-625)rvk/141632: 
049 |a TXAM 
100 1 |a McDonald, Oonagh,  |e author. 
245 1 0 |a Lehman Brothers :  |b a crisis of value /  |c Oonagh McDonald. 
264 1 |a Manchester :  |b Manchester University Press,  |c 2016. 
264 4 |c ©2016 
300 |a 1 online resource (x, 274 pages) 
336 |a text  |b txt  |2 rdacontent 
337 |a computer  |b c  |2 rdamedia 
338 |a online resource  |b cr  |2 rdacarrier 
347 |a text file 
490 0 |a Open Access e-Books 
490 0 |a Knowledge Unlatched 
504 |a Includes bibliographical references (pages 251-261) and index. 
505 0 |a From cotton trader to investment banker : 1844-2008 -- From hubris to nemesis : January to September 2008 -- The fateful weekend -- Regulating the 'Big Five' -- The largest bankruptcy in American history -- The destruction of value -- Lehman's valuation of its assets -- Measuring value -- Monitoring value -- Chasing a chimera? 
588 |a Description based on print version record; resource not viewed. 
520 8 |a Using extensive documentary evidence and interviews with former Lehman employees, Oonagh McDonald reveals the decisions that led to Lehman's collapse, investigates why the government refused a bail-out and whether the implications of this refusal were fully understood. 
546 |a English. 
610 2 0 |a Lehman Brothers (1993-2008) 
610 2 0 |a Lehman Brothers  |x History. 
610 2 7 |a Lehman Brothers (1993-2008)  |2 fast 
610 2 7 |a Lehman Brothers  |2 fast 
611 2 7 |a Global Financial Crisis (2008-2009)  |2 fast  |0 (OCoLC)fst01755654 
650 0 |a Bank failures  |z United States. 
650 0 |a Financial crises  |z United States. 
650 0 |a Global Financial Crisis, 2008-2009. 
650 0 |a Investment banking  |z New York (State)  |z New York  |x History. 
650 0 |a Bank failures  |z United States  |x History  |y 21st century. 
650 6 |a Crise financière mondiale, 2008-2009. 
650 6 |a Banques  |x Faillites  |z États-Unis  |x Histoire  |y 21e siècle. 
650 6 |a Banques d'affaires  |z New York (État)  |z New York  |x Histoire. 
650 6 |a Banques  |x Faillites  |z États-Unis. 
650 7 |a Business & Economics  |x Banks & Banking.  |2 bisacsh 
650 7 |a Bank failures  |2 fast 
650 7 |a Financial crises  |2 fast 
650 7 |a Investment banking  |2 fast 
651 7 |a New York (State)  |z New York  |2 fast  |1 https://id.oclc.org/worldcat/entity/E39QbtfRvQh7864Jh4rDGBFDWc 
651 7 |a United States  |2 fast  |1 https://id.oclc.org/worldcat/entity/E39PBJtxgQXMWqmjMjjwXRHgrq 
648 7 |a 2008 - 2009  |2 fast 
653 |a debt 
653 |a economy 
653 |a lehman brothers 
653 |a bankruptcy 
653 |a global financial crisis 
653 |a banking 
653 |a crash 
653 |a capital 
655 7 |a Electronic books.  |2 local 
655 7 |a History  |2 fast 
758 |i has work:  |a Lehman Brothers (Text)  |1 https://id.oclc.org/worldcat/entity/E39PCGcqv6tKXvk9DcxTqy96mm  |4 https://id.oclc.org/worldcat/ontology/hasWork 
776 0 8 |i Print version:  |t Lehman Brothers  |d Manchester : Manchester University Press, 2016.  |z 9781784993405 (hbk)  |w (DLC) 2016304573 
856 4 0 |u https://www.manchesteropenhive.com/view/9781526100580/9781526100580.xml  |z Connect to the full text of this electronic book  |t 0 
955 |a Manchester Open Access 
955 |a De Gruyter Open Access ebooks 
994 |a 92  |b TXA 
999 f f |s 6f021087-d05a-446a-836b-6cc24ff23a5b  |i df0a72ac-1ef3-4103-873d-27f1fc540676  |t 0 
952 f f |a Texas A&M University  |b College Station  |c Electronic Resources  |d Available Online  |t 0  |e HG5129.N5   |h Library of Congress classification 
998 f f |a HG5129.N5   |t 0  |l Available Online